000 00685nam a2200289Ia 4500
005 20260324135142.0
008 008 260324s9999 xx 000 0 eng d
020 _a9781315783932
037 _aEBOOK
040 _aCRL
040 _beng
040 _cCRL
041 _2eng
041 _aeng
084 _qCRL
100 _aMatt Bernstein Sycamore
_91191633
245 0 _aTricks and Treats
245 0 _bSex Workers Write About Their Clients
260 _bTaylor and Francis
260 _c2000
365 _a
365 _b58.99
856 _uhttp://www.taylorfrancis.com/books/9781315783932
942 _cEBOOK
999 _c1800309
_d1800309